000 00355nam a22001337a 4500
003 MACL
005 20190426161055.0
008 190426b xxu||||| |||| 00| 0 eng d
040 _cMACL
100 _aचतुरसेन, आचार्य
_937332
245 _aचार सत्‍य
650 _aउपन्‍यास
_974538
942 _2ddc
_cHIN
999 _c59533
_d59533